CHVRCHΞS Discography - Statistics

General Stats
  • This quiz has been taken 13 times
  • The average score is 19 of 42
Answer Stats
Hint Answer % Correct
The Bones of What You Believe The Mother We Share
100%
The Bones of What You Believe Gun
89%
Every Open Eye Clearest Blue
78%
Love Is Dead Graffiti
67%
The Bones of What You Believe Lies
67%
Love Is Dead Miracle
67%
Love Is Dead Never Say Die
67%
The Bones of What You Believe Recover
67%
The Bones of What You Believe Tether
67%
Every Open Eye Bury It
56%
Love Is Dead Deliverance
56%
Love Is Dead Forever
56%
Love Is Dead Get Out
56%
Every Open Eye High Enough to Carry You Over
56%
Every Open Eye Never Ending Circles
56%
The Bones of What You Believe We Sink
56%
Every Open Eye Empty Threat
44%
Every Open Eye Keep You On My Side
44%
Love Is Dead My Enemy
44%
The Bones of What You Believe Night Sky
44%
The Bones of What You Believe Science / Visions
44%
The Bones of What You Believe Under the Tide
44%
Love Is Dead Wonderland
44%
Every Open Eye Afterglow
33%
Every Open Eye Get Away
33%
Love Is Dead God's Plan
33%
Love Is Dead Graves
33%
Love Is Dead Heaven / Hell
33%
Love Is Dead ii
33%
Every Open Eye Leave a Trace
33%
The Bones of What You Believe Lungs
33%
Every Open Eye Make Them Gold
33%
Every Open Eye Playing Dead
33%
The Bones of What You Believe By the Throat
22%
Every Open Eye Down Side of Me
22%
Love Is Dead Really Gone
22%
The Bones of What You Believe Strong Hand
22%
The Bones of What You Believe You Caught the Light
22%
Every Open Eye Bow Down
11%
The Bones of What You Believe Broken Bones
11%
Every Open Eye Follow You
11%
Every Open Eye Warning Call
11%
No matching quizzes found
Score Distribution
Percent of People with Each Score
Percentile by Number Answered
Your Score History
You have not taken this quiz